| 000 | 00885 a2200289 4500 | ||
|---|---|---|---|
| 999 |
_c71389 _d19746 |
||
| 001 | 71389 | ||
| 003 | TR-AnTOB | ||
| 005 | 20230821171314.0 | ||
| 008 | 110421s1960 tu 000 0 | ||
| 035 | _a71389 | ||
| 040 |
_aTR-AnTOB _beng _cTR-AnTOB _erda |
||
| 041 | _atur | ||
| 050 |
_aPL248.Y23 _bZ965 1960 |
||
| 090 | _aPL248.Y23 Z965 1960 | ||
| 245 | 0 |
_aBüyük mücahit Hüseyin Cahit : _bölümünün 3. yıldönümü münasebetiyle / _c[haz.] Hilmi Yücebaş. |
|
| 264 | 1 |
_aİstanbul: _bKültür Kitabevi, _c1960. |
|
| 300 |
_a128 s.: _bres.; _c20 cm. |
||
| 590 | _aSn. Celil Güngör tarafından bağışlanmıştır. | ||
| 600 |
_aYalçın, Hüseyin Cahit, _d1874-1957 _945892 |
||
| 650 | 7 |
_aYazarlar, Türk _vBiyografi _2etuturkob _946356 |
|
| 700 |
_aYücebaş, Hilmi _945893 |
||
| 902 | _a0024550 | ||
| 903 | _aMerkez Kütüphane | ||
| 942 |
_cBK _2lcc |
||
| 945 | _aAY.BS | ||